000 01400cam a22002054a 4500
005 20250605164203.0
008 250528s ||||||||||||||||||||||||d
035 _a19796
020 _a750626275
040 _aGR-AtMCL
_bgre
_dGR-AtMCL
_eAACR2
245 1 _aHigher Engineering Mathematics / Second Edition
250 _a2nd
260 _bNewnes,
_c1995
300 _a438
520 _aThis book deals with the mathematical concepts and skills that are essential to Engineering studies. Includes 500+ worked examples 800+ problems. Preface, Methods of Differentiation, Solving Equations by Iterative Methods, The Solution of Simultaneous Equations Using Determinants, Hyperbolic Functions, Complex Numbers, De Moivre' s Theorem, Maclaurin's Series, Triple Products of Vectors, Differentiation of Implicit Functions, Logarithmic Differentiation, Partial Differentiation, Revision of Integration, Integration by Parts, Numerical Integration, Homogeneous First Order Differential Equations, Linear First Order Differential Equations, Fourier Series for Periodic Functions of Period 2π, Even and Odd Functions and Half-Range Series, Four Series Over any Range, Introduction to Laplace Transforms, The Binomial and Poisson Distributions, The Normal Distribution, Linear Correlation, Linear Regression, Index.
700 1 _aBird J.O.
_95984
942 _cBK
999 _c5048
_d5048